| 000 | 00490nam a2200169Ia 4500 | ||
|---|---|---|---|
| 999 |
_c27032 _d27032 |
||
| 003 | OSt | ||
| 005 | 20211111113114.0 | ||
| 008 | 190216s9999||||xx |||||||||||||| ||und|| | ||
| 040 | _coclc | ||
| 082 |
_a894.8124 _bKRI/O |
||
| 100 |
_aNair, M Krishnan _97253 |
||
| 245 | 0 |
_aOru Sabdathil Oru Ragam / _cM Krishnan Nair |
|
| 260 |
_bPoorna Publication, _c1989. _aKozhikode: |
||
| 300 | _a96p | ||
| 650 | _aLekhanam | ||
| 942 |
_cBK _2ddc _h894.8124 _iKRI/O _k894.8124 _mKRI/O |
||